000 00454nam a2200193Ia 4500
003 0100
008 130227s9999 xx 000 0 und d
040 _cARRUPELIB
050 _aBL1920.L783 1979
100 _aLiu, Da
245 4 _aThe tao and chinese culture
260 _aLondon and Henley
260 _bRoutledge and Kegan Paul
260 _C1979
300 _avii
300 _b 168p. 23cm.
650 _bSex instruction
942 _2lcc
_05
999 _c4715
_d4715